000 01417namaa2200325 i 4500
003 EG-GICUC
005 20260203112412.0
008 260203s2002 ua ||||jr|||| 000 0 ara d
017 _a2002 / 575
_bدار الكتب والوثائق القومية (مصر)
040 _aEG-GiCUC
_bara
_cEG-GiCUC
_dEG-GiCUC
_erda
082 0 4 _221
_a812.9
_bF2195s
092 0 4 _221
_a812.9
_bF2195s
099 _a812.9 F2195s
100 1 _aفرج، ألفريد
_eمؤلف.
245 _aصانع الاقنعة :
_b المسرحية سبعون عاما من العطاء /
_cألفريد فرج ، احمد عبد الحميد ...[واخرون] ؛ تحرير وتقديم حسن عطية
250 _aالطبعة الاولى
264 _aالقاهرة :
_bالمجلس الاعلى للثقافة،
_c2002.
300 _a293 ؛ صفحة
_c24 سم.
_bإيضاحيات، صور، مثيليات ؛ Illustrations
336 _2rdacontent
_atext
337 _2rdamedia
_aUnmediated
338 _2rdacarrier
_avolume
504 _aBibliography: pages 200-250. 240-220 ببليوجرافيا: صفحات.
541 _aد . جابر عصفور ؛
_bالقاهرة ؛
_cإهداء ؛
_d2024.
650 1 7 _aالمسرحيات العربية
_2qrmak
651 1 _2qrmak
700 1 _aعبد الحميد، احمد
_eمؤلف مشارك.
700 1 _aعطية، حسن
_eمحرر.
905 _aNoha
942 _2ddc
_cBK
_e21
_n0
999 _c178137
_d178137